000 00426nam a2200181Ia 4500
001 17169
005 20260306170405.0
008 260306t1994||||xx |||||||||||||| ||und||
041 _aESP
082 _a657.48
_bH76
100 _aHorngren, Charles T.
_eAUT
245 0 _aContabilidad financiera
260 _c1994
300 _axx, 914 páginas :
_c25 cm.
650 _aGEN
654 _aCCO
942 _cLIB
_dJUS
_fJUS
_2ddc
_n
999 _c17169
_d17169